000
00337nam a2200157Ia 4500
100
_a
Babu/V
650
_a
Dynamics
942
_c
BK
654
_a
Gas dynamics
245
_a
Fundamentals of Gas Dynamics
260
_b
Ane Books
_a
Navi Mumbai
_c
2008
082
_a
625.262/BAB
_b
BAB
300
_a
180
546
_a
ENGLISH
999
_c
22822
_d
22822